01332nam a22002897a 4500003000400000005001700004008004100021040004600062050002500108100003700133245012700170260006600297300004400363500010600407504005600513546002000569650005300589650003000642650003000672650003400702700003900736700003800775700003800813942003700851999001500888952013900903OSt20260406200806.0260330b |||||||| |||| 00| 0 eng d bEnglish.cCvSU-CCAT Campus Library.erda. aUM TJ 1185bA85 2006 aAvilla, Lester E., author917096 aImprovised hand tapping device : ba technical feasibility study /cLester E. Avilla, Lolito M. Lachico, Rasty C. Monzon.  aRosario, Cavite :bCavite State University-CCAT Campus,c2006 aii, 34 leaves :billustrations ;c28 cm aFeasibility Study (BSIT Major in Mechanical Technology) -- Cavite State University-CCAT Campus, 2006. aIncludes bibliographical references and appendices. aIn English text aTapping machine xDesign and construction919971 0aMetalworking tools917098 0aImprovised devices917057 aTechnical feasibility 917093 aLachico, Lolito M., author.919972 aMonzon, Rasty C., author. 919973 aAlvarez, Nestor M., adviser95915 2lcccT/M/DhTJ 1185 A85 2006kUM c5054d5054 00102lcc40708UMaCCATLIBbCCATLIBcTHd2006-07-06fUMl0oUM TJ 1185 A85 2006pT0000263r2026-03-30 01:02:00t1w2026-03-30yT/M/D